[Event "Paris FIDE GP"]
[Site "Elancourt"]
[Date "2013.09.25"]
[Round "4"]
[White "Ponomariov, Ruslan"]
[Black "Tomashevsky, Evgeny"]
[Result "1/2-1/2"]
[WhiteElo "2756"]
[BlackElo "2706"]
[Annotator "ChessBase Website"]
[PlyCount "57"]
[EventDate "2013.09.22"]
[EventType "tourn"]
[EventRounds "11"]
[EventCountry "FRA"]
[EventCategory "20"]
[SourceTitle "CBM 157"]
[Source "ChessBase"]
[SourceDate "2013.11.12"]
[SourceVersion "1"]
[SourceVersionDate "2013.11.12"]
[SourceQuality "1"]
[TimeControl "40/7200:20/3600:900+30"]
[WhiteClock "2:00:00"]
[BlackClock "2:00:00"]

1. d4 {[%emt 0:00:03]} d5 {[%emt 0:00:08]} 2. c4 {[%emt 0:00:28]} e6 {[%emt 0:
00:07]} 3. Nf3 {[%emt 0:00:46]} c6 {[%emt 0:00:09]} 4. Nbd2 {[%emt 0:01:23]} f5
{[%emt 0:00:51] Tomashevsky recently adopted the triangle set-up against d4,
with the idea of playing a Stonewall, as his pet defense. It seems solid
enough for now as no one has really been able to break it down. Ponomariov was
actually slightly worse out of the opening but he really had no issues as
Tomashevsky was more interested in holding a solid draw with Black.} 5. g3 {
[%emt 0:01:04]} Nf6 {[%emt 0:00:51]} 6. Bg2 {[%emt 0:00:42]} Bd6 {[%emt 0:00:
10]} 7. O-O {[%emt 0:01:27]} Nbd7 {[%emt 0:00:38]} 8. b3 {[%emt 0:00:53]} O-O {
[%emt 0:04:48]} 9. Bb2 {[%emt 0:01:14]} b6 {[%emt 0:14:17]} 10. Ne5 {[%emt 0:
02:32]} Bb7 {[%emt 0:00:25]} 11. Nd3 {[%emt 0:01:27]} Qe7 {[%emt 0:04:29]} 12.
e3 {[%emt 0:02:23]} a5 {[%emt 0:08:09]} 13. Rc1 {[%emt 0:06:33]} Rfd8 {[%emt 0:
03:40]} 14. Rc2 $146 {[%emt 0:17:26]} a4 {[%emt 0:04:37]} 15. Qc1 {[%emt 0:06:
17]} axb3 {[%emt 0:02:19]} 16. axb3 {[%emt 0:00:07]} Ne4 {[%emt 0:04:35]} 17.
f3 {[%emt 0:07:00]} Nxd2 {[%emt 0:02:42]} 18. Qxd2 {[%emt 0:00:16]} c5 {
[%emt 0:00:17]} 19. f4 {[%emt 0:02:31]} Nf6 {[%emt 0:19:25]} 20. dxc5 {[%emt 0:
08:28]} Bxc5 {[%emt 0:00:19]} 21. Nxc5 {[%emt 0:05:29]} bxc5 {[%emt 0:00:20]}
22. Bxf6 {[%emt 0:01:43]} Qxf6 {[%emt 0:00:17]} 23. cxd5 {[%emt 0:02:18]} Bxd5
{[%emt 0:00:14]} 24. Qc3 {[%emt 0:05:57]} Qxc3 {[%emt 0:01:50]} 25. Rxc3 {
[%emt 0:00:05]} Ra2 {[%emt 0:02:41]} 26. Rf2 {[%emt 0:00:17]} Ra1+ {[%emt 0:00:
09]} 27. Rf1 {[%emt 0:00:04]} Ra2 {[%emt 0:00:03]} 28. Rf2 {[%emt 0:00:04]}
Ra1+ {[%emt 0:00:04]} 29. Rf1 {[%emt 0:00:09]} 1/2-1/2

[Event "Benasque op 16th"]
[Site "Benasque"]
[Date "1996.??.??"]
[Round "6"]
[White "Cifuentes Parada, Roberto"]
[Black "Ulybin, Mikhail"]
[Result "1-0"]
[WhiteElo "2500"]
[BlackElo "2535"]
[Annotator "Cifuentes Parada,L"]
[PlyCount "89"]
[EventDate "1996.07.??"]
[EventType "swiss"]
[EventRounds "9"]
[EventCountry "ESP"]
[SourceTitle "CBM 053 Extra"]
[Source "ChessBase"]
[SourceDate "1996.09.01"]
[SourceVersion "1"]
[SourceVersionDate "1996.09.01"]
[SourceQuality "1"]

1. d4 e6 2. Nf3 f5 3. g3 Nf6 4. Bg2 d5 5. c4 c6 6. O-O Bd6 7. b3 Qe7 8. Qc2 O-O
9. Ne5 b6 (9... Nbd7 10. Bb2 Kh8 (10... Bxe5 $2 11. dxe5 Ng4 12. Ba3 c5 13.
cxd5 $16) (10... Ne4 11. f3 $16) 11. Nd2 Bxe5 (11... Ne4 $14) 12. dxe5 Ng4 13.
Nf3 b6 14. h3 Nh6 15. Nd4 $1 Nxe5 (15... Bb7 16. cxd5 cxd5 17. Qc7 Ba6 18. Ba3
$1 $16) 16. Nxc6 $1 Nxc6 17. cxd5 Nb4 18. Qd2 (18. d6 Qg5 $1 19. Qc7 Nd5 20.
Bxd5 exd5 $17) 18... Nxd5 19. Bxd5 $1 (19. Qxh6 Bb7 $14) 19... exd5 20. Qxh6
Bb7 21. Rac1 Rf7 22. Qd2 f4 23. gxf4 Qh4 24. Rc3 $1 Rg8 25. Rg3 Qxf4 26. Qxf4
Rxf4 27. Rc1 Rf7 28. Rgc3 $1 $18 {Cvetkovic,S-Drazic,S/Yugoslavia 1995/1-0 (57)
}) (9... b5 $5) 10. cxd5 cxd5 (10... exd5 11. Nxc6 Qc7 12. Nb4 $18) 11. Nc4 $1
Nc6 (11... Qc7 12. Qb2 Bb7 13. Nxd6 Qxd6 14. Bf4 $14) 12. Nxd6 Qxd6 13. Qc3 $1
(13. Ba3 Nb4 14. Qd2 a5 15. Nc3 Ba6 16. Rfc1 Rac8 $10) 13... a5 14. Bf4 Qd7 15.
Rc1 Bb7 16. Nd2 Ne4 17. Qb2 Nxd2 18. Qxd2 (18. Bxd2 $6 Ba6 19. e3 Rfc8 $10)
18... Rac8 19. Rc3 Nb4 20. Rac1 Rxc3 21. Rxc3 Rc8 22. a3 Rxc3 23. Qxc3 Qc6 (
23... Nc6 24. h4 $14) 24. Qxc6 Nxc6 25. e3 Ba6 26. Bf3 $1 $14 (26. Bc7 b5 27.
Bf1 b4 $1 $10) 26... Bd3 27. Bd1 b5 28. f3 Kf7 29. Kf2 $6 (29. h4 $1 $14) 29...
Ke7 30. Bc7 g5 $1 31. Ke1 b4 32. a4 h5 33. Kd2 Bf1 34. g4 $1 $8 (34. h4 g4 35.
fxg4 hxg4 $1 (35... fxg4 36. Bc2 Kf6 37. Bb6 Ba6 38. e4 $16) 36. h5 Kf6 37. h6
Kg6 38. Bf4 Ba6 $10) 34... Kd7 35. Bb6 hxg4 36. fxg4 Bh3 37. gxf5 Bxf5 38. Be2
Kc8 39. Bc5 $6 (39. Bb5 Kb7 40. Bc5 g4 41. Bf8 Na7 $1 (41... Kc7 42. Bg7 Kd6
43. Bf6 $1 $18) 42. Bf1 (42. Bd3) 42... Nc8 $14) 39... Kc7 40. Bf8 e5 $2 (40...
Nd8 $1 41. Bg7 Nb7 42. Be5+ Nd6 43. Bb5 g4 $10) 41. Bg7 Kd6 42. Bb5 g4 43. Bf6
Be4 44. Bxc6 $1 Kxc6 45. Bd8 1-0

[Event "Geneve op"]
[Site "Geneve"]
[Date "1997.??.??"]
[Round "2"]
[White "Dautov, Rustem"]
[Black "Schmittdiel, Eckhard"]
[Result "1-0"]
[WhiteElo "2590"]
[BlackElo "2440"]
[Annotator "Dautov,R"]
[PlyCount "41"]
[EventDate "1997.01.??"]
[EventType "swiss"]
[EventRounds "9"]
[EventCountry "SUI"]
[SourceTitle "CBM 057"]
[Source "ChessBase"]
[SourceDate "1997.04.01"]
[SourceVersion "1"]
[SourceVersionDate "1997.04.01"]
[SourceQuality "1"]

1. d4 f5 2. g3 Nf6 3. Bg2 e6 4. c4 c6 5. Nh3 d5 6. O-O b6 7. Nd2 (7. Qa4 $5 Bd6
8. cxd5 exd5 9. Bf4 O-O 10. Nc3 $14) 7... Bd6 8. Qc2 O-O 9. Nf3 Ba6 $2 $146 (
9... Ne4 10. Bf4 Bb7 11. Rac1 Na6 12. Bxd6 Qxd6 13. Nf4 Rac8 14. Rfd1 g5 15.
Nd3 c5 16. dxc5 bxc5 17. e3 $14 {Epishin,V-Soffer,R/Bern op (6) 1991}) (9...
Bb7 10. Bf4 Na6 11. Bxd6 Qxd6 12. Nf4 Rac8 13. Qa4 Ne4 14. cxd5 exd5 15. Rfd1
Rfd8 16. e3 c5 17. dxc5 bxc5 18. Nd2 $14 {Lugovoi,A-Klinger,J/Balatonbereny op
1993}) 10. cxd5 cxd5 (10... exd5 11. Qxf5 (11. Bf4 $14) 11... Re8 (11... Ne4 $2
12. Qe6+ Kh8 13. Nfg5 $16) 12. Re1 Bxe2 13. Bf4 Bb4 14. Rec1 {><c6} Qd7 $2 15.
Qxd7 Nfxd7 16. Bxb8 $1 Nxb8 (16... Bxf3 17. Bxf3 Nxb8 18. Rxc6 $1 $16) 17. Ne5
$16) 11. Bf4 Ne4 (11... Qe7 12. Rfc1 Nbd7 13. e3 Rfc8 14. Qa4 $16) 12. Rfc1 $16
Be7 (12... Nd7 13. Bxd6 Nxd6 14. Qc7 $1 Nc4 15. Qxd8 Rfxd8 16. b3 Nd6 17. Nf4
Nf8 18. Ng5 $16) 13. Bc7 (13. Bxb8 $2 Qxb8 14. Nf4 Qd6 15. Qc6 Rfc8 16. Qxd6
Bxd6 $10) 13... Qe8 14. Nf4 Rf6 (14... Bf6 15. Ne5 {/\f3} Nd7 (15... Bb7 16. f3
Ng5 17. Bd6 Be7 18. Bxe7 Qxe7 19. Qc7 $16) (15... g5 16. Nfd3 $16) 16. f3 Ng5
17. Qc6 Bxe5 18. dxe5 $16 {/\h4,><e6}) 15. h4 Bf8 (15... Nd7 16. Qa4 Bb7 17.
Be5 Nxe5 18. Qxe8+ Rxe8 19. dxe5 $16) 16. Ng5 Bb5 (16... Nd7 17. Qc6 Rc8 18.
Ngxe6 $18) 17. Be5 Rh6 18. Qc8 $18 Na6 (18... Nc6 19. Qxe8 Rxe8 20. a4 Bc4 (
20... Nxe5 21. axb5 $18) 21. Bxe4 fxe4 22. Nxe4 Nxe5 23. dxe5 Bxe2 24. Nd6 Bxd6
25. exd6 Bc4 26. b3 e5 27. d7 Rd8 28. Nxd5 Bxd5 29. Rc8 $18) (18... Nd7 19.
Qxe8 Rxe8 20. Rc7 Nxe5 21. dxe5 $18) 19. Qb7 {/\a4} Nd6 (19... Nb4 20. Rc7) 20.
Bxd6 Bxd6 21. Nfxe6 1-0

[Event "EU-chT (Men) 14th"]
[Site "Plovdiv"]
[Date "2003.10.19"]
[Round "8.2"]
[White "Dautov, Rustem"]
[Black "Vouldis, Angelos"]
[Result "1-0"]
[WhiteElo "2610"]
[BlackElo "2528"]
[Annotator "Dautov,R"]
[PlyCount "131"]
[EventDate "2003.10.10"]
[EventType "team-swiss"]
[EventRounds "9"]
[EventCountry "BUL"]
[SourceTitle "CBM 098"]
[Source "ChessBase"]
[SourceDate "2004.02.03"]
[SourceVersion "1"]
[SourceVersionDate "2004.02.03"]
[SourceQuality "1"]
[WhiteTeam "Germany"]
[BlackTeam "Greece"]
[WhiteTeamCountry "GER"]
[BlackTeamCountry "GRE"]

1. d4 e6 2. c4 Bb4+ 3. Bd2 Qe7 4. g3 ({Anspruchsvoller ist} 4. e4) 4... f5 5.
Bg2 Nf6 6. Nc3 ({Mehr verbreitet ist} 6. Nf3 O-O 7. O-O Bxd2 8. Qxd2 d6 9. Nc3
{, z.B.,} Nc6 (9... c6 10. Rfe1 d5 11. Qc2 $14) 10. Rfe1 e5 11. Nd5 Qd8 12.
dxe5 dxe5 13. Rad1 e4 14. Ng5 Nxd5 15. cxd5 h6 $2 16. Nxe4 fxe4 17. dxc6 $16 {
Botvinnik,M-Ilyin Zhenevsky,A/Leningrad 1930}) 6... O-O 7. Nh3 $6 {Ein
ungewöhlicher Zug. Ich wollte neue Wege bestreiten und dachte, dass der weiße
Springer auf f4 nützlich werden kann. Objektiv gesehen ist die übliche
Fortsetzung 7.Nf3 besser.} (7. Nf3 Bxc3 8. Bxc3 Ne4 9. Rc1 d6 10. O-O) 7... Nc6
$1 8. a3 Bxc3 9. Bxc3 Ne4 10. Rc1 (10. Qc2 d6 11. Nf4 (11. Bxe4 fxe4 12. Qxe4
e5 $44) 11... e5 12. Nd5 Qf7 13. dxe5 dxe5 $11) 10... d6 11. d5 ({Nichts
verspricht Weiß} 11. Nf4 e5 12. Nd5 Qf7 13. dxe5 dxe5 14. O-O Be6 $11) 11...
Nd8 $1 (11... Ne5 {/\Nf4} 12. O-O Nxc4 $2 13. Bxg7 Qxg7 14. Rxc4 $16) 12. dxe6
(12. Nf4 e5 13. Nd3 Nxc3 14. Rxc3 Nf7 $11) 12... Nxe6 13. O-O Bd7 $11 {Mit
natürlichem Spiel erreichte Schwarz eine angenehme Stellung. Das Experiment im
7. Zug mißglückte.} 14. e3 $1 {Um den schlecht stehenden Springer h3
abzutauschen.} (14. b4 a5 $36) (14. Nf4 $6 Nxf4 15. gxf4 Rae8 16. e3 Bc6 $15)
14... Bc6 15. Nf4 Nxc3 16. Rxc3 Nxf4 17. exf4 Bxg2 18. Kxg2 {Hier lehnte ich
das Remisangebot meines Gegners ab. Weiß steht keineswegs besser, aber ein
Mannschaftsturnier hat seine eigenen Gesetze.} Qf7 (18... Qe4+ $1 19. f3 (19.
Kg1 Rae8 20. Qb3 Kh8 21. c5 dxc5 22. Rxc5 Re7 $11) 19... Qc6 20. Qd5+ Qxd5 21.
cxd5 Rf7 22. Rfc1 Rc8 23. Kf2 Re7 $11 {Die Stellung ist remislich, da der
Bauer noch auf b7 steht, und Schwarz die Option c7-c6 hat.} 24. Rb3 $6 c6) 19.
Qd5 b6 (19... Qxd5+ $5 20. cxd5 Rf7 $11) 20. Re1 Rfe8 21. Rce3 Qxd5+ $2 {
Diese Version des Turmendspiels (der Bauer steht bereits auf b6) ist für
Schwarz ungünstig. Richtig war deswegen 22...Kf8.} (21... Kf8 $1 22. Qc6 Rxe3
23. Rxe3 Rd8 $11) 22. cxd5 Rxe3 ({Nach} 22... Kf7 23. Rc1 Rac8 24. Rec3 Re7 {
hat Weiß einen starken Zwischenzug} 25. Rc6 $1 {/\Rxd6. Nach} Rd7 26. Kh3 $1 {
ist Schwarz vollkommen passiv, und der weiße König kann sich auf den Weg
machen.} g6 27. Kh4 h6 28. h3 Kf6 29. g4 $14) 23. fxe3 $16 {Das Turmendspiel
ist klar besser für Weiß. Neben dem Druck gegen c7 kann er mittels e3-e4 die
Bauernmajorität auf dem Königsflügel bilden.} a5 {/\a4} 24. b3 (24. Rc1 $2 a4
$1 25. Rxc7 Ra5 26. Rc6 Rxd5 27. Rxb6 Rd2+ 28. Kf3 Rxh2 29. Rxd6 Rxb2 30. Ra6
h5 31. Rxa4 Kf7 $11) 24... Rc8 25. Rc1 Kf7 26. Kf3 h5 27. e4 fxe4+ 28. Kxe4 Kf6
29. Kf3 Ke7 30. Ke4 Kf6 31. Kf3 Ke7 32. Rc3 Kd7 33. h3 Rf8 34. g4 {Nach und
nach verwirklicht Weiß seinen Plan und bildet einen Freibauern.} hxg4+ 35. hxg4
Rh8 36. Ke4 g6 37. f5 gxf5+ 38. Kxf5 Rf8+ 39. Kg5 Rg8+ 40. Kf5 Rf8+ 41. Kg5
Rg8+ 42. Kf4 Rf8+ 43. Kg3 Rg8 44. Rf3 $2 {Bisher mehr oder weniger logisch
gespielt, erlaubte ich hier meinem Gegner eine rettende Wendung. Richtig war
das prophylaktische 44.a4!} (44. a4 $1 Rg5 (44... Rg7 45. Kf4 Rf7+ 46. Kg5 Rf1
47. Rd3 $16) 45. Rd3 Rg8 $1 (45... c6 46. Kf4 Rg8 47. dxc6+ Kxc6 48. g5 d5 49.
Kf5 Rf8+ 50. Ke6 $18) 46. Rf3 $1 c5 $2 (46... Rg7 $1 47. Rf8 $1 $16 {, und die
Einschaltung von a3-a4 ist in allen Varianten nützlich für Weiß.}) 47. Rf7+ Ke8
48. Rf5 Ke7 49. g5 b5 50. axb5 Rb8 51. g6 Rxb5 52. Rf7+ Ke8 53. Rf3 Rb7 54. Kg4
$18) 44... Rg7 $2 $138 {Ein Gegenfehler. Der Moment war günstig für 44...c5!} (
44... c5 $1 45. Rf7+ (45. dxc6+ Kxc6 $11) 45... Ke8 46. Rb7 (46. Rf5 b5 47. g5
c4 $11) 46... Rg5 47. Kf4 Rxd5 $11) 45. Kh4 $2 $138 {Der naheliegende, aber
falsche Plan. Wie man gleich sehen wird, hat die Stellung des Königs am
Brettrand viele Nachteile. Stattdessen sollte der weiße Monarch seinen
Freibauern von der f-Linie aus unterstützen und dabei den gegnerischen
d-Bauern im Blick behalten.} (45. Kf4 Rf7+ 46. Ke4 Rg7 47. Rg3 Rg5 $11) ({
Richtig war} 45. Rf8 $1 {Es läßt sich nicht mit Sicherheit sagen, ob die weiße
Stellung gewonnen ist, aber es war auf jeden Fall der beste Plan. Die Idee ist
Kf4 und g5.} Ke7 (45... c5 46. Kf4 b5 (46... Ke7 47. Rb8 Rf7+ 48. Kg5 $16) 47.
g5 c4 48. bxc4 bxc4 49. Kg4 $1 Re7 50. Rf3 Re1 51. g6 Rg1+ 52. Kh5 $16) (45...
c6 46. Ra8 Rg5 47. Ra7+ Kc8 48. dxc6 Rc5 49. Kf4 Rxc6 50. g5 $18) 46. Rf5 (46.
Rc8 $5 Kd7 47. Rh8 $16) 46... Kd7 47. g5 c6 48. dxc6+ Kxc6 49. Kf4 d5 50. Ke5
Rd7 51. g6 d4 52. Rf7 Rd5+ 53. Kf4 Rd8 54. g7 Rg8 55. Ke4 $18) 45... c6 46.
dxc6+ (46. g5 $2 cxd5 47. Rg3 Rh7+ 48. Kg4 Rh1 49. g6 Ke7 $11) 46... Kxc6 47.
g5 Rg8 $2 {Die Zeitkontrolle fordert ihren Tribut (Weiß hatte etwa 2 Minuten,
Schwarz etwa 1 Minute Restbedenkzeit plus 30 Sekunden Bonus pro Zug). Richtig
war das naheliegende 47...d5.} (47... d5 $1 48. Rg3 (48. Kh5 Rg8 $11 {führt
zur Partie.}) 48... d4 49. g6 d3 50. Kg5 Rd7 $11) 48. Kh5 $2 {Nutzt nicht die
Chance, den König auf die f-Linie zu führen.} (48. Rg3 $1 d5 49. g6 d4 50. Kg5
Kd5 (50... Rd8 51. g7 d3 52. Rg1 Kd5 (52... d2 53. Rd1 $18) 53. Kf6 Kd4 54.
g8=Q Rxg8 55. Rxg8 Kc3 56. Rd8 $18) 51. Kf6 Ke4 52. Kf7 Rd8 53. g7 d3 54. g8=Q
Rxg8 55. Rxg8 d2 56. Rd8 Ke3 57. Ke6 Ke2 58. b4 d1=Q 59. Rxd1 Kxd1 60. Kd5 Kc2
61. Kc6 Kb3 62. b5 Kxa3 63. Kxb6 a4 64. Kc5 $18) 48... d5 49. g6 d4 $11 50. Kh6
(50. Rg3 Kd5 51. g7 Ke4 52. Kg6 d3 53. Kh7 d2 54. Rg1 Rd8 55. g8=Q Rxg8 56.
Kxg8 Kd3 57. Kf7 Kc2 $11 {Anhand dieser Variante sieht man deutlich den
Nachteil Nr.1 des weißen "Randkönigs", er blieb zu weit entfernt.}) 50... Rh8+
51. Kg7 Rd8 52. Kh7 (52. Rd3 Kd5 53. Kh7 Ke4 $11) 52... d3 53. Rf1 Kc5 $6 ({
Einfacher war} 53... d2 $1 54. Rd1 (54. g7 $4 {Der Nachteil Nr. 2 - die
Randposition des weißen Königs macht diesen Zug unmöglich.} d1=Q 55. Rxd1 Rxd1
56. g8=Q Rh1+ 57. Kg7 Rg1+ $19) 54... Rd3 55. g7 Rh3+ 56. Kg8 Rh2 $11) 54. g7
Rd7 $4 {Ein schrecklicher Schnitzer, der unnötig ein Tempo verschwendet und
damit die remisliche Stellung verliert.} ({Die logische Fortsetzung 54...Kd4
führte zum Remis:} 54... Kd4 55. Rf8 (55. g8=Q Rxg8 56. Kxg8 Kc3 57. Kf7 Kxb3
$1 (57... d2 58. Ke6 Kc2 $2 (58... Kxb3 $11) 59. Kd5 d1=Q+ 60. Rxd1 Kxd1 61. b4
$18) 58. Ke6 b5 59. Kd5 Kc2 60. Kc5 b4 $11) 55... Rd7 56. Kh8 Rxg7 57. Kxg7 Kc3
58. Rd8 d2 59. Kf6 Kc2 60. Ke5 d1=Q 61. Rxd1 Kxd1 $11) 55. Kh8 $18 Rxg7 56.
Kxg7 Kd4 57. Kf6 b5 (57... d2 58. a4 Kc3 59. Ke5 Kxb3 60. Kd4 $18) 58. b4 $1
axb4 59. axb4 d2 60. Ke6 Kc4 61. Ke5 Kc3 62. Kd5 Kxb4 63. Kd4 Kb3 64. Kd3 Kb2
65. Kxd2 b4 66. Rf7 {Der Partieschluß ist typisch für die neue
FIDE-Zeitkontrolle: die Stellungsbewertung pendelt mehrmals hin und her bevor
ein Spieler den entscheidenden Fehler macht.} 1-0

[Event "Groningen PCA"]
[Site "Groningen"]
[Date "1993.??.??"]
[Round "2"]
[White "Bareev, Evgeny"]
[Black "Nikolic, Predrag"]
[Result "1-0"]
[WhiteElo "2660"]
[BlackElo "2625"]
[Annotator "Dautov,R"]
[PlyCount "83"]
[EventDate "1993.12.??"]
[EventType "swiss"]
[EventRounds "11"]
[EventCountry "NED"]
[SourceTitle "CBM 039"]
[Source "ChessBase"]
[SourceDate "1994.04.01"]
[SourceVersion "1"]
[SourceVersionDate "1994.04.01"]
[SourceQuality "1"]

1. d4 {Kharitonov} f5 2. c4 Nf6 3. g3 e6 4. Bg2 c6 5. Nf3 d5 6. O-O Bd6 7. b3
Qe7 8. Ne5 O-O 9. Bb2 (9. Bf4 $5) (9. Nd2 Nbd7 10. Ndf3 {/\Nd3,Bf4}) 9... Bd7 {
?! Kharitonov} (9... Nbd7 $5 {Kharitonov} 10. Nd2 a5 $1 11. Ndf3 (11. a3 Ne4
12. Ndf3 Nxe5 13. Nxe5 Bxe5 $5 14. dxe5 b6 $10 {Adorjan,A-Moskalenko,V/
Balassagyarmat/1990/ Inf 50/115/}) 11... Ne4 12. Qc2 {Ruban,V-Meister,P/
Balassagyarmat/1990/ Inf 50/115/} a4 $1 13. Nxd7 axb3 $1 14. axb3 Bxd7 $10 {
Ruban/}) 10. Nd2 Be8 11. Ndf3 Nbd7 (11... Bh5 12. Qc2 Nbd7 13. Nd3 Rac8 14.
Rac1 Ne4 15. Nfe5 Nxe5 16. dxe5 Bc7 17. f3 Ng5 $2 18. h4 Nf7 19. Nf4 Bg6 20. h5
$18 {Schmidt,Wl-Haba/Prague Bohemians-A/1989}) 12. Nd3 Ng4 $6 (12... Bh5 {>=}
13. Nfe5 Rac8 (13... g5 $6 {Kharitonov} 14. Qc2 Kh8 15. Rae1 Rg8 16. f3 $16 {
Kharitonov,A-Naumkin,I/Riga/1988/1:0 (39)/}) 14. Rc1 Rfd8 15. Qc2 Bc7 16. Kh1
Nxe5 17. dxe5 Nd7 18. cxd5 $1 cxd5 19. Bd4 Qe8 20. Qd2 Bb6 21. Bxb6 Nxb6 22.
Nf4 $14 {Schoen-Dittmar/Dortmund op/1991}) 13. Qc1 $1 {/\a4,Ba3} (13. Nfe5
Ngxe5 14. dxe5 Ba3 15. Bxa3 Qxa3 16. Qc1 Qe7 17. Qc3 $14) (13. Qc2 {Kharitonov}
f4 $5 $132) 13... dxc4 (13... Nh6 $5 {Kharitonov /\Nf7,Bh5/}) 14. bxc4 $1 (14.
Qxc4 Bf7 (14... f4 $5 $132 {Kharitonov}) 15. Nfe5 (15. Qc3 {Kharitonov} Ngf6 (
15... Rfe8 $2 16. d5 $1) 16. Qc2 $16) 15... Ngxe5 16. dxe5 Ba3 17. Bxa3 Qxa3
18. b4 $14) 14... e5 (14... c5 15. e3 Rc8 16. h3 Ngf6 17. Nfe5 $16) 15. c5 $1 (
15. h3 e4 16. hxg4 exd3 17. exd3 fxg4 $132) 15... Bc7 16. dxe5 Ngxe5 17. Nfxe5
Nxe5 18. Qe3 $1 Ng6 19. Qxe7 Nxe7 20. Rab1 $16 b5 (20... Ng6 21. Bd4 Rb8 22.
Rb2 Rf7 23. Rfb1 Bd8 24. e3 $16) 21. Rfd1 a5 (21... Bh5 22. Be5 (22. Kf1 $16)
22... Bxe5 23. Nxe5 Bxe2 24. Rd7 Rae8 25. Nxc6 Nxc6 26. Bxc6 a6 27. Bd5+ Kh8
28. c6 $16) (21... Bf7 22. Nb4 $16) (21... Rd8 {Kharitonov} 22. Nb4 $16) 22.
Be5 $1 Bxe5 (22... Rc8 $2 23. Bd6 $1) (22... Ra7 {Kharitonov} 23. Bd6) 23. Nxe5
Rc8 24. Rd6 Rc7 25. Rbd1 g6 (25... Bf7 26. Rd7 Rxd7 27. Rxd7 Re8 28. Nxf7 Kxf7
29. Bxc6 $18) 26. R1d2 Kg7 27. f4 b4 (27... Rf6 28. Rd8 Rf8 29. Ra8 a4 $2 30.
Rdd8 $18) (27... a4 {Kharitonov} 28. a3 $16) (27... Nc8 28. Re6 (28. Rd8 $16)
28... Ne7 29. Rdd6 $16) 28. Rd8 {/\Ra8; ?! Kharitonov} (28. Kf2 $1 {Kharitonov}
Rc8 (28... Nc8 29. Rd8) (28... Bf7 {Kharitonov} 29. Bxc6 Nxc6 30. Nxc6 Ra8 31.
Ne5 a4 (31... Rxc5 32. Rd7 Rf8 33. Ra7 $18) 32. Rd7 Raa7 33. c6 $18) 29. Ke3 {
/\Kd4-c4+-/}) 28... Bf7 (28... Nc8 29. Nc4 a4 30. Rb2 $18) 29. R2d7 $1 (29.
R8d7 {Kharitonov} Rfc8) 29... Rxd7 {? Kharitonov} (29... Rxd8 30. Rxc7 Kf8 31.
Nxf7 Kxf7 32. Bxc6 Rd2 33. Bb5 $16) 30. Rxd7 Re8 31. Ra7 Kf8 (31... Bxa2 $2 32.
Bxc6 $18) 32. Rxa5 Bd5 33. Ra7 $18 Rd8 34. Nd7+ $1 Kf7 35. Bxd5+ Nxd5 (35...
cxd5 36. c6 (36. Ne5+ {Kharitonov} Kf8 37. Rxe7) 36... Nxc6 37. Ne5+ $18) 36.
Ne5+ Kg8 37. Nxc6 Rc8 38. Rd7 {! Kharitonov} Rxc6 39. Rxd5 Ra6 40. Rd2 Kf7 41.
Kf2 Ra3 42. c6 (42. c6 Rc3 43. Rd7+ Ke6 44. Rxh7 Rxc6 45. Rb7 $18) 1-0